000
00205nam a22000857a 4500
001
1236210
005
20251001145312.0
245
_a
YAŞANMIŞ HAYVAN ÖYKÜLER 3
_c
GÜLTEN DAYIOĞLU
260
_b
ALTIN KİTAPLAR
999
_c
1236210
_d
1236210